|
|
|
|
| LEADER |
00000nam a2200000Ii 4500 |
| 001 |
DIGEDICNSB0242 |
| 003 |
NyNyDIG |
| 006 |
m o d |
| 007 |
cr ||||||||||| |
| 008 |
251203s2017 sp o 000 0 spa d |
| 035 |
|
|
|a (OCoLC)1479452243
|
| 040 |
|
|
|a DGITA
|b eng
|e rda
|e pn
|c DGITA
|
| 020 |
|
|
|a 9788490696941
|q eBook
|
| 020 |
|
|
|z 9788466661546
|
| 050 |
1 |
4 |
|a PS2120 ebook
|
| 100 |
1 |
|
|a James, Henry,
|d 1843-1916,
|e author.
|
| 240 |
1 |
0 |
|a Travels with Henry James.
|l Spanish
|s (Folch)
|
| 245 |
1 |
0 |
|a Viajes con Henry James /
|c Henry James ; traducción de Borja Folch.
|
| 264 |
|
1 |
|a Barcelona (España) :
|b B de Books,
|c [2017]
|
| 300 |
|
|
|a 1 online resource.
|
| 336 |
|
|
|a text
|b txt
|2 rdacontent
|
| 337 |
|
|
|a computer
|b c
|2 rdamedia
|
| 338 |
|
|
|a online resource
|b cr
|2 rdacarrier
|
| 347 |
|
|
|a text file
|2 rdaft
|
| 347 |
|
|
|b EPUB
|
| 588 |
0 |
|
|a Online resource; title from ePub title page (Digitalia, viewed December 3, 2025)
|
| 650 |
|
0 |
|a James, Henry,
|d 1843-1916
|x Travel.
|
| 700 |
1 |
|
|a Folch, Borja,
|e translator.
|
| 700 |
1 |
|
|i Translation of:
|a James, Henry,
|d 1843-1916.
|t Travels with Henry James.
|
| 791 |
2 |
|
|a Digitalia (Firm),
|e distributor.
|
| 793 |
0 |
|
|g Digitalia eBook Collection:
|a Ediciones B
|
| 776 |
0 |
8 |
|i Print version:
|a James, Henry, 1843-1916.
|s Travels with Henry James. Spanish (Folch).
|t Viajes con Henry James.
|b 1a. edición.
|d Barcelona (España) : Ediciones B, [2017]
|z 9788466661546
|
| 856 |
4 |
0 |
|3 Digitalia Hispánica
|u https://www.digitaliapublishing.com/a/54490/
|
| 910 |
|
|
|a Premium collection: 2025
|